Gelibolu'dan Kafkaslara : (Record no. 14067)

MARC details
000 -BAŞLIK
Sabit Uzunlukta Kontrol Alanı 00912nam a22002417a 4500
999 ## - SİSTEM KONTROL NUMARALARI (KOHA)
Koha Biblionumber 14067
Koha Biblioitemnumber 14067
003 - KONTROL NUMARASI IDENTIFIER
Denetim Alanı MIRAKIL
005 - SON İŞLEM TARİHİ VE ZAMANI
Denetim Alanı 20200918130142.0
008 - SABİT-BOY VERİ ELEMANLARI - GENEL BİLGİLER
Sabit Uzunlukta Kontrol Alanı 200918b tu ||||| |||| 00| 0 tur d
020 ## - ULUSLARARASI STANDART KİTAP NUMARASI
Uluslararası Standart Kitap Numarası 9754584729
040 ## - KATALOGLAMA KAYNAK
Orijinal Kataloglama Ajansı TR-AnCHP
Metne Dönüştürmek Ajansı TR-AnCHP
041 ## - DİL KODU
Metin / Ses Parça Veya Ayrı Başlığın Dil Kodu tur
082 ## - DEWEY ONLU SINIFLANDIRMA NUMARASI
Sınıflandırma Numarası 956.101543092
Ürün Numarası S85g 2003
100 ## - ANA GİRİŞ - KİŞİSEL İSİM
Kişisel Ad Sunata, İ. Hakkı
245 10 - BAŞLIK TABLOSU
Başlık Gelibolu'dan Kafkaslara :
Başlığın Kalan Birinci Dünya Savaşı anılarım /
Sorumluluk Tablosu, Vb İ. Hakkı Sunata.
246 ## - UNVAN FORM VARYING
Başlık Doğru / Kısa Başlığı Birinci Dünya Savaşı anılarım
260 ## - YAYIN, DAĞITIM, VB
Yayın, Dağıtım, Vb Yeri İstanbul:
Yayıncı, Dağıtıcı, Vs Adı Türkiye İş Bankası Kültür Yayınları,
Yayın, Dağıtım, Vb Tarihi 2003.
300 ## - FİZİKSEL TANIM
Kapsam 609 s.:
Diğer Fiziksel Ayrıntıları fotg.;
Boyutlar 19 sm.
490 0# - SERİSİ TABLOSU
Seri Beyanı Türkiye İş Bankası Kültür Yayınları;
-- Edebiyat dizisi ;
Hacim / Ardışık Tanımı Genel yayın: 709.
-- 295.
600 #0 - KONU KATMA GİRİŞ - KURUMSAL ADI
9 (RLIN) 6507
Kişisel Ad Sunata, İ. Hakkı
Genel Alt Bölümü Birinci Dünya Savaşı
-- Anılar
650 #0 - KONU KATMA GİRİŞ - TOPİKAL DÖNEM
9 (RLIN) 5657
Topikal Süreli Veya Coğrafi Ad Giriş Elemanı Birinci Dünya savaşı
Genel Alt Bölümü Anılar
Coğrafi Alt Bölümü Türkiye
740 ## - KATMA GİRİŞ - KONTROLSUZ İLGİLİ / ANALİTİK BAŞLIK
Kontrol Edilmeyen / İlgili Analitik Başlıktaki Birinci Dünya Savaşı anılarım
942 ## - EKLENDİ GİRİŞ ELEMANLARI (KOHA)
Sınıflandırma Veya Raf Düzeni Kaynak Dewey Decimal Classification
Koha Öğesi Türü Books
Holdings
Kalıcı Konum Mevcut Konum Edinme Tarihi Toplam Check-Out'Lar Tam Çağrı Numarası Barkod Tarih Son Görülme İtibaren Geçerli Fiyatlar Sigara Kamu Notu Koha Öğesi Türü
CHP Kütüphanesi CHP Kütüphanesi 09/18/2020   956.101543092 S85g 2003 019572 09/18/2020 09/18/2020 Emine Başak Alkan Bağışıdır. Books